| 000 | 00627nam a22001937a 4500 | ||
|---|---|---|---|
| 005 | 20251108172703.0 | ||
| 008 | 250721s1992 xx 000 0 ara d | ||
| 082 | 1 | 4 | _a351.13/ذني |
| 100 | 1 |
_aالذنيبات، محمد محمود _eمؤلف |
|
| 245 | 1 | 0 |
_aتصنيف الوظائف : _bالأسس والمراحل / |
| 264 | 1 |
_aعمان : _c1992. |
|
| 300 | _a159ص. | ||
| 650 | 1 | 7 | _aالخدمة المدنية |
| 650 | 1 | 7 | _aالتصنيف الوظيفي |
| 650 | 1 | 7 | _aالموظفون الحكوميون |
| 700 | 1 |
_aجرادات، أسامة محمد _eمؤلف مشارك |
|
| 942 |
_2ddc _cBK |
||
| 999 |
_c85965 _d85965 |
||